[Event "DVM U16 2020"]
[Site "Willingen GER"]
[Date "2021.06.25"]
[Round "3"]
[White "Wildner, Mateo"]
[Black "Emmerich, Julian"]
[Result "1/2-1/2"]
[Termination "normal"]
[Board "8.4"]
[WhiteElo "1176"]
[BlackElo "1369"]
[WhiteClock "00:29:50"]
[BlackClock "00:05:17"]
[WhiteTeam "Erfurter Schachklub"]
[BlackTeam "SF Neuberg"]
[PlyCount "75"]
[WhiteFideId "34605991"]
[BlackFideId "16274822"]
[EventCountry "GER"]
[EventRounds "7"]
[EventType "team-swiss"]
[EventDate "2021.06.23"]

1. d4 {[%clk 1:30:57]} 1... d5 {[%clk 1:30:50]} 2. Nf3 {[%clk 1:30:55]} 2...
Nf6 {[%clk 1:30:52]} 3. Bf4 {[%clk 1:31:17]} 3... Bf5 {[%clk 1:29:17]} 4. e3 {
[%clk 1:30:43]} 4... e6 {[%clk 1:25:38]} 5. Nbd2 {[%clk 1:26:42]} 5... Bd6 {
[%clk 1:19:22]} 6. Ne5 {[%clk 1:24:25]} 6... Nbd7 {[%clk 1:19:08]} 7. Bd3 {
[%clk 1:15:00]} 7... Bxd3 {[%clk 1:00:08]} 8. cxd3 {[%clk 1:11:42]} 8... a6 {
[%clk 0:45:50]} 9. O-O {[%clk 1:06:41]} 9... c5 {[%clk 0:45:32]} 10. Nxf7 {
[%clk 1:00:18]} 10... Kxf7 {[%clk 0:44:06]} 11. Bxd6 {[%clk 1:00:37]} 11...
cxd4 {[%clk 0:42:21]} 12. Nf3 {[%clk 0:59:20]} 12... Re8 {[%clk 0:32:18]} 13.
Ne5+ {[%clk 0:55:50]} 13... Kg8 {[%clk 0:26:11]} 14. g4 {[%clk 0:53:28]} 14...
dxe3 {[%clk 0:19:40]} 15. fxe3 {[%clk 0:51:06]} 15... Nxe5 {[%clk 0:18:44]} 16.
Bxe5 {[%clk 0:50:17]} 16... Rf8 {[%clk 0:17:45]} 17. h3 {[%clk 0:33:33]} 17...
Nd7 {[%clk 0:13:42]} 18. Rxf8+ {[%clk 0:32:44]} 18... Qxf8 {[%clk 0:14:05]} 19.
Bg3 {[%clk 0:32:57]} 19... Rc8 {[%clk 0:12:36]} 20. Rc1 {[%clk 0:31:24]} 20...
Rxc1 {[%clk 0:08:01]} 21. Qxc1 {[%clk 0:31:50]} 21... Qf3 {[%clk 0:08:17]} 22.
Qe1 {[%clk 0:32:13]} 22... Nc5 {[%clk 0:08:09]} 23. Qf2 {[%clk 0:29:03]} 23...
Qxf2+ {[%clk 0:06:35]} 24. Kxf2 {[%clk 0:29:31]} 24... Nxd3+ {[%clk 0:06:52]}
25. Ke2 {[%clk 0:29:59]} 25... Nxb2 {[%clk 0:06:07]} 26. Kd2 {[%clk 0:29:50]}
26... Nc4+ {[%clk 0:05:17]} 27. Kd3 b5 28. Kd4 Kf7 29. Bf4 Kf6 30. Bg3 g5 31.
Bf2 Ke7 32. Kc5 Kd7 33. Bg1 Kc7 34. Bh2+ Kd7 35. Bg1 Kc7 36. Bh2+ Kb7 37. Bg1
Kc7 38. Bh2+ 1/2-1/2

[Event "DVM U16 2020"]
[Site "Willingen GER"]
[Date "2021.06.25"]
[Round "3"]
[White "Sabirov, Rafael"]
[Black "Wang, Xinyuan"]
[Result "0-1"]
[Termination "normal"]
[Board "9.1"]
[WhiteElo "1635"]
[BlackElo "1759"]
[WhiteTeam "Schachgemeinschaft Porz e. V."]
[BlackTeam "Karlsruher SF 1853"]
[PlyCount "84"]
[WhiteFideId "16241185"]
[BlackFideId "16221494"]
[EventCountry "GER"]
[EventRounds "7"]
[EventType "team-swiss"]
[EventDate "2021.06.23"]

1. e4 c5 2. Nc3 e6 3. f4 d5 4. exd5 exd5 5. Bb5+ Bd7 6. Qe2+ Be7 7. Nxd5 Nc6 8.
Nf3 a6 9. Bxc6 Bxc6 10. Nxe7 Nxe7 11. O-O O-O 12. d3 Nf5 13. Qf2 Bxf3 14. Qxf3
Re8 15. c3 Qd7 16. Rd1 Rad8 17. h3 Qe7 18. Bd2 Qe2 19. Qg4 g6 20. Rab1 Rxd3 21.
Re1 Rxd2 22. Rxe2 Rexe2 23. Kh2 Ne3 24. Qc8+ Kg7 25. Rg1 Nxg2 26. Qxb7 Nh4+ 27.
Kg3 Nf5+ 28. Kf3 Re3+ 29. Kg4 h5+ 30. Kg5 Re7 31. Qxa6 Rd6 32. Qxd6 Nxd6 33. f5
Nxf5 34. Kf4 Re2 35. Rb1 Re3 36. h4 Rh3 37. Ra1 Rxh4+ 38. Kf3 Ra4 39. b3 Ra3
40. Kf2 Kf6 41. b4 cxb4 42. cxb4 Nd6 0-1

[Event "DVM U16 2020"]
[Site "Willingen GER"]
[Date "2021.06.25"]
[Round "3"]
[White "Kravtsov, Maksim"]
[Black "Bolz, Jannis"]
[Result "1-0"]
[Termination "normal"]
[Board "9.2"]
[WhiteElo "1805"]
[BlackElo "1636"]
[WhiteTeam "Karlsruher SF 1853"]
[BlackTeam "Schachgemeinschaft Porz e. V."]
[PlyCount "87"]
[WhiteFideId "54173868"]
[BlackFideId "16214897"]
[EventCountry "GER"]
[EventRounds "7"]
[EventType "team-swiss"]
[EventDate "2021.06.23"]

1. d4 Nf6 2. Nf3 g6 3. Bg5 Bg7 4. Nbd2 d5 5. e3 O-O 6. Bd3 c5 7. c3 Nc6 8. O-O
Bg4 9. h3 Bxf3 10. Nxf3 Qc7 11. Bf4 Qb6 12. Rb1 Nd7 13. b4 c4 14. b5 Nd8 15.
Bc2 Ne6 16. Bg3 Nc7 17. Qd2 f6 18. e4 e6 19. a4 Rad8 20. a5 Qxa5 21. b6 Nb5 22.
bxa7 Ra8 23. Ra1 Qxc3 24. exd5 Qxd2 25. Nxd2 Nxd4 26. dxe6 Nxc2 27. exd7 Nxa1
28. Rxa1 f5 29. Ra2 c3 30. Nc4 c2 31. Rxc2 Rxa7 32. Nb6 Bd4 33. Bc7 Bxb6 34.
Bxb6 Ra1+ 35. Kh2 Rd1 36. Rc7 Rd6 37. Bc5 Rd5 38. Rc8 Rxc5 39. Rxf8+ Kxf8 40.
d8=Q+ Kf7 41. Qd7+ Kg8 42. Qe8+ Kg7 43. Qe7+ Kg8 44. Qxc5 1-0

[Event "DVM U16 2020"]
[Site "Willingen GER"]
[Date "2021.06.25"]
[Round "3"]
[White "Gülsen, Sinan Yilmaz"]
[Black "Laudwein, Jakob"]
[Result "1-0"]
[Termination "normal"]
[Board "9.4"]
[WhiteElo "1357"]
[BlackElo "1559"]
[WhiteTeam "Karlsruher SF 1853"]
[BlackTeam "Schachgemeinschaft Porz e. V."]
[PlyCount "49"]
[WhiteFideId "34606017"]
[BlackFideId "16258487"]
[EventCountry "GER"]
[EventRounds "7"]
[EventType "team-swiss"]
[EventDate "2021.06.23"]

1. e4 c5 2. Nf3 e6 3. d4 cxd4 4. Nxd4 Nc6 5. Nc3 a6 6. Nxc6 bxc6 7. e5 Qc7 8.
Bf4 Ne7 9. Bd3 Nd5 10. Nxd5 cxd5 11. Qe2 d6 12. O-O Be7 13. Rfe1 Qd8 14. Rad1
dxe5 15. Bxe5 Bf6 16. c4 dxc4 17. Be4 Bd7 18. Bxa8 Qxa8 19. Bxf6 gxf6 20. Qxc4
Bc6 21. Rxe6+ fxe6 22. Qxe6+ Kf8 23. Qxf6+ Ke8 24. Re1+ Kd7 25. Re7+ 1-0

[Event "DVM U16 2020"]
[Site "Willingen GER"]
[Date "2021.06.25"]
[Round "3"]
[White "Geltz, Noah"]
[Black "Weidemann, Jakob"]
[Result "1/2-1/2"]
[Termination "normal"]
[Board "10.1"]
[WhiteElo "2087"]
[BlackElo "1570"]
[WhiteTeam "SF HN-Biberach 1978 e.V."]
[BlackTeam "Schachklub Münster 32 e. V."]
[PlyCount "55"]
[WhiteFideId "16224256"]
[BlackFideId "16255470"]
[EventCountry "GER"]
[EventRounds "7"]
[EventType "team-swiss"]
[EventDate "2021.06.23"]

1. e4 c5 2. Nc3 Nc6 3. Bb5 Nd4 4. Nf3 a6 5. Bd3 g6 6. Nxd4 cxd4 7. Ne2 d5 8.
exd5 Qxd5 9. O-O Bg7 10. c4 dxc3 11. dxc3 Nf6 12. Ng3 h5 13. Qe2 h4 14. Ne4 Bf5
15. c4 Qc6 16. Nxf6+ Qxf6 17. Bxf5 Qxf5 18. Re1 Bf6 19. h3 O-O 20. Qe4 Qxe4 21.
Rxe4 Rfd8 22. Bf4 Rd7 23. Be5 Bxe5 24. Rxe5 Rad8 25. Rae1 e6 26. R5e3 Rc8 27.
b3 Rcd8 28. f3 1/2-1/2

[Event "DVM U16 2020"]
[Site "Willingen GER"]
[Date "2021.06.25"]
[Round "3"]
[White "John, Niklas"]
[Black "Gerold, Robin"]
[Result "1-0"]
[Termination "normal"]
[Board "10.2"]
[WhiteElo "1521"]
[BlackElo "1438"]
[WhiteTeam "Schachklub Münster 32 e. V."]
[BlackTeam "SF HN-Biberach 1978 e.V."]
[PlyCount "129"]
[WhiteFideId "16234626"]
[BlackFideId "16235185"]
[EventCountry "GER"]
[EventRounds "7"]
[EventType "team-swiss"]
[EventDate "2021.06.23"]

1. e4 c5 2. Nf3 Nc6 3. d4 cxd4 4. Nxd4 g6 5. Nc3 Bg7 6. Be3 Nf6 7. f3 e6 8.
Ndb5 O-O 9. Bc5 Re8 10. Nd6 Qa5 11. Nxe8 Nxe8 12. Be3 Qb4 13. Rb1 Nd4 14. a3
Qc5 15. Bf2 Nd6 16. Bd3 Qg5 17. Bg3 e5 18. Ne2 Nxe2 19. Qxe2 h5 20. Qf2 Bf6 21.
Qd2 h4 22. Qxg5 Bxg5 23. Bxe5 Ne8 24. Ke2 d6 25. Bc3 Be6 26. Rbd1 Nc7 27. g3 d5
28. Be5 Rc8 29. Rhg1 h3 30. g4 dxe4 31. Bxe4 Bc4+ 32. Bd3 Bxd3+ 33. Kxd3 Ne6
34. c3 Nf4+ 35. Kc2 Ng2 36. Rd7 Re8 37. Bd4 Ne1+ 38. Kb3 Nxf3 39. Rg3 Nxd4+ 40.
Rxd4 Re2 41. Rxh3 Bc1 42. Rd8+ Kg7 43. Rd7 Rxb2+ 44. Kc4 Bf4 45. Rf3 b5+ 46.
Kc5 Bxh2 47. Rdxf7+ Kh6 48. Kc6 Kg5 49. Rf2 Rxf2 50. Rxf2 Be5 51. Rc2 Kxg4 52.
Kxb5 Bd6 53. a4 g5 54. c4 Kf5 55. c5 Bf4 56. Ka6 g4 57. Kxa7 g3 58. c6 Ke4 59.
c7 g2 60. Rxg2 Bxc7 61. Rg5 Bd8 62. Rh5 Kd4 63. a5 Kc4 64. a6 Bf6 65. Kb7 1-0

[Event "DVM U16 2020"]
[Site "Willingen GER"]
[Date "2021.06.25"]
[Round "3"]
[White "Martsfeld, Jonas"]
[Black "Tenbosch, Till Theo"]
[Result "0-1"]
[Termination "normal"]
[Board "10.3"]
[WhiteElo "1381"]
[BlackElo "1307"]
[WhiteTeam "SF HN-Biberach 1978 e.V."]
[BlackTeam "Schachklub Münster 32 e. V."]
[PlyCount "78"]
[WhiteFideId "16255640"]
[BlackFideId "16255461"]
[EventCountry "GER"]
[EventRounds "7"]
[EventType "team-swiss"]
[EventDate "2021.06.23"]

1. e4 c6 2. d4 d5 3. Nc3 dxe4 4. Nxe4 Nf6 5. Nxf6+ exf6 6. Nf3 Bd6 7. Bd3 O-O
8. Be3 Bg4 9. c3 Re8 10. Qc2 h6 11. O-O-O Nd7 12. h3 Be6 13. b3 a5 14. Kd2 Nb6
15. c4 Bb4+ 16. Ke2 a4 17. Rb1 Qc7 18. Rhc1 Ba3 19. Rd1 c5 20. d5 Bd7 21. Kf1
Ra7 22. Nh4 axb3 23. Qxb3 Bb4 24. d6 Qd8 25. Nf5 Ba4 26. Ne7+ Kf8 27. Qb2 Bxd1
28. Rxd1 Na4 29. Qc1 g5 30. Be2 Nc3 31. Qc2 Kg7 32. Nf5+ Kh8 33. Nxh6 b6 34.
Nxf7+ Rxf7 35. Bh5 Nxd1 36. Qxd1 Rh7 37. Bxe8 Qxe8 38. Qa1 Qg6 39. a3 Qd3+ 0-1

[Event "DVM U16 2020"]
[Site "Willingen GER"]
[Date "2021.06.25"]
[Round "3"]
[White "Hartwig, Eric-Jordan"]
[Black "Iyengar, Sriram"]
[Result "1-0"]
[Termination "normal"]
[Board "10.4"]
[WhiteElo "1368"]
[BlackElo "1208"]
[WhiteTeam "Schachklub Münster 32 e. V."]
[BlackTeam "SF HN-Biberach 1978 e.V."]
[PlyCount "99"]
[WhiteFideId "16298454"]
[BlackFideId "16269110"]
[EventCountry "GER"]
[EventRounds "7"]
[EventType "team-swiss"]
[EventDate "2021.06.23"]

1. e4 e5 2. d4 exd4 3. Qxd4 Nc6 4. Qe3 d6 5. Nc3 Be6 6. Bd2 Nf6 7. h3 Qd7 8. f4
Qe7 9. O-O-O O-O-O 10. Nf3 g6 11. Be1 d5 12. Bh4 dxe4 13. Rxd8+ Qxd8 14. Nxe4
Be7 15. Bb5 Qd5 16. Nc3 Qd6 17. Rd1 Nd5 18. Nxd5 Bxd5 19. Bxc6 bxc6 20. Qxe7
Qxe7 21. Bxe7 Re8 22. Bc5 a6 23. Re1 Be6 24. Nd4 Kd7 25. Kd2 h5 26. Nxe6 Rxe6
27. Rxe6 Kxe6 28. g4 Kd5 29. Bf2 Ke4 30. f5 hxg4 31. hxg4 gxf5 32. gxf5 Kxf5
33. Bg3 Ke4 34. Bxc7 f5 35. Kc3 Ke3 36. Bb6+ Ke2 37. Kc4 Kd2 38. c3 Kc2 39. b4
f4 40. Bd4 f3 41. a4 Kb2 42. a5 Kc2 43. Be3 Kb2 44. Kd3 Kb3 45. Bc5 Kb2 46. Bd4
Kb3 47. Ke3 Kc4 48. Kxf3 Kd3 49. Kf4 Kc4 50. Ke5 1-0

[Event "DVM U16 2020"]
[Site "Willingen GER"]
[Date "2021.06.25"]
[Round "4"]
[White "Weihrauch, Jakob"]
[Black "Stockmann, Till"]
[Result "1/2-1/2"]
[Termination "normal"]
[Board "1.1"]
[WhiteElo "2146"]
[BlackElo "1965"]
[WhiteClock "00:08:10"]
[BlackClock "00:29:54"]
[WhiteTeam "Hamburger SK von 1830"]
[BlackTeam "Schachzwerge Magdeburg"]
[PlyCount "57"]
[WhiteFideId "16210115"]
[BlackFideId "12979341"]
[EventCountry "GER"]
[EventRounds "7"]
[EventType "team-swiss"]
[EventDate "2021.06.23"]

1. e4 {[%clk 1:30:54]} 1... c5 {[%clk 1:30:54]} 2. Nf3 {[%clk 1:31:12]} 2... e6
{[%clk 1:31:06]} 3. d4 {[%clk 1:31:33]} 3... cxd4 {[%clk 1:31:32]} 4. Nxd4 {
[%clk 1:31:58]} 4... a6 {[%clk 1:31:53]} 5. Nc3 {[%clk 1:32:20]} 5... Qc7 {
[%clk 1:31:40]} 6. Bd3 {[%clk 1:32:29]} 6... Nf6 {[%clk 1:31:30]} 7. f4 { [%clk
1:32:39]} 7... d6 {[%clk 1:31:43]} 8. Qf3 {[%clk 1:32:34]} 8... b5 { [%clk
1:28:05]} 9. g4 {[%clk 1:32:43]} 9... Bb7 {[%clk 1:27:05]} 10. g5 { [%clk
1:32:50]} 10... Nfd7 {[%clk 1:27:29]} 11. Be3 {[%clk 1:31:40]} 11... Be7 {[%clk
1:25:11]} 12. h4 {[%clk 1:26:38]} 12... Nc6 {[%clk 1:23:51]} 13. Nce2 { [%clk
1:18:14]} 13... Nc5 {[%clk 1:21:28]} 14. a3 {[%clk 1:11:20]} 14... O-O-O {[%clk
1:09:46]} 15. O-O-O {[%clk 1:06:14]} 15... b4 {[%clk 1:00:19]} 16. Nxc6 {[%clk
1:02:40]} 16... Qxc6 {[%clk 1:00:34]} 17. axb4 {[%clk 1:01:55]} 17... Nxd3+
{[%clk 1:00:56]} 18. Rxd3 {[%clk 1:02:21]} 18... Qxe4 {[%clk 1:01:15]} 19. Rc3+
{[%clk 1:02:00]} 19... Kb8 {[%clk 1:01:20]} 20. Qxe4 {[%clk 1:02:05]} 20...
Bxe4 {[%clk 1:01:42]} 21. Rd1 {[%clk 1:01:33]} 21... h6 {[%clk 0:57:39]} 22. b5
{[%clk 0:41:07]} 22... hxg5 {[%clk 0:47:01]} 23. hxg5 {[%clk 0:30:45]} 23...
axb5 {[%clk 0:40:23]} 24. Nd4 {[%clk 0:31:02]} 24... Rh2 {[%clk 0:37:24]} 25.
Rb3 {[%clk 0:17:33]} 25... Rc8 {[%clk 0:31:39]} 26. Rxb5+ {[%clk 0:16:02]}
26... Ka8 {[%clk 0:31:56]} 27. Ra5+ {[%clk 0:11:14]} 27... Kb7 {[%clk 0:29:31]}
28. Rb5+ {[%clk 0:10:30]} 28... Ka8 {[%clk 0:29:54]} 29. Ra5+ {[%clk 0:08:10]}
1/2-1/2

[Event "DVM U16 2020"]
[Site "Willingen GER"]
[Date "2021.06.25"]
[Round "4"]
[White "von Krosigk, Florian"]
[Black "Zeuner, Ole"]
[Result "0-1"]
[Termination "normal"]
[Board "1.3"]
[WhiteElo "1941"]
[BlackElo "1770"]
[WhiteTeam "Hamburger SK von 1830"]
[BlackTeam "Schachzwerge Magdeburg"]
[PlyCount "70"]
[WhiteFideId "16227808"]
[BlackFideId "12943576"]
[EventCountry "GER"]
[EventRounds "7"]
[EventType "team-swiss"]
[EventDate "2021.06.23"]

1. e4 e5 2. Nf3 Nc6 3. Bb5 a6 4. Ba4 Nf6 5. d3 b5 6. Bb3 Be7 7. O-O d6 8. a3
O-O 9. Nc3 Bg4 10. Be3 Re8 11. h3 Bd7 12. Ba2 h6 13. Kh1 Qc8 14. Rg1 Nh7 15.
Qd2 Nd8 16. Nd5 Ne6 17. Nxe7+ Rxe7 18. Nh4 Neg5 19. f4 exf4 20. Bxf4 Be6 21.
Bxe6 Nxe6 22. Nf5 Re8 23. Be3 Qd7 24. h4 d5 25. Qc3 Nhf8 26. Raf1 Kh7 27. g4
Rad8 28. Qd2 dxe4 29. Bxh6 Qc6 30. Rg2 exd3 31. g5 dxc2 32. Qe3 Rd1 33. g6+
fxg6 34. Bxg7 Rxf1+ 35. Kh2 c1=Q 0-1

[Event "DVM U16 2020"]
[Site "Willingen GER"]
[Date "2021.06.25"]
[Round "4"]
[White "Liebold, Aaron"]
[Black "Fromm, Marius"]
[Result "0-1"]
[Termination "normal"]
[Board "2.1"]
[WhiteElo "1995"]
[BlackElo "2297"]
[WhiteClock "00:13:06"]
[BlackClock "00:32:43"]
[WhiteTeam "ESV Gera"]
[BlackTeam "Greifswalder SV"]
[PlyCount "92"]
[WhiteFideId "12997846"]
[BlackFideId "12993190"]
[EventCountry "GER"]
[EventRounds "7"]
[EventType "team-swiss"]
[EventDate "2021.06.23"]

1. e4 1... c5 {[%clk 1:30:46]} 2. Nc3 {[%clk 1:29:58]} 2... Nc6 {[%clk 1:31:02]
} 3. g3 {[%clk 1:29:52]} 3... g6 {[%clk 1:31:09]} 4. Bg2 {[%clk 1:30:07]} 4...
Bg7 {[%clk 1:31:35]} 5. d3 {[%clk 1:30:27]} 5... d6 {[%clk 1:30:26]} 6. Be3 {
[%clk 1:29:22]} 6... Rb8 {[%clk 1:29:51]} 7. Qd2 {[%clk 1:26:26]} 7... b5 {
[%clk 1:30:00]} 8. Nge2 {[%clk 1:26:02]} 8... Nd4 {[%clk 1:29:16]} 9. O-O {
[%clk 1:24:05]} 9... b4 {[%clk 1:28:50]} 10. Nd1 {[%clk 1:24:12]} 10... e6 {
[%clk 1:24:41]} 11. c3 {[%clk 1:20:03]} 11... Nxe2+ {[%clk 1:24:53]} 12. Qxe2 {
[%clk 1:20:29]} 12... Ne7 {[%clk 1:20:05]} 13. Qd2 {[%clk 1:09:55]} 13... bxc3
{[%clk 1:17:24]} 14. bxc3 {[%clk 1:09:25]} 14... h5 {[%clk 1:15:22]} 15. f4 {
[%clk 1:01:50]} 15... Qa5 {[%clk 1:12:48]} 16. Rc1 {[%clk 1:00:49]} 16... h4 {
[%clk 1:12:03]} 17. Nf2 {[%clk 0:57:22]} 17... hxg3 {[%clk 1:11:17]} 18. hxg3 {
[%clk 0:56:18]} 18... Ba6 {[%clk 1:10:47]} 19. Rfd1 {[%clk 0:49:23]} 19... Qa3
{[%clk 0:55:20]} 20. d4 {[%clk 0:29:16]} 20... Rb2 {[%clk 0:54:29]} 21. Rc2 {
[%clk 0:28:08]} 21... Rxc2 {[%clk 0:54:50]} 22. Qxc2 {[%clk 0:28:35]} 22...
cxd4 {[%clk 0:55:07]} 23. Bxd4 {[%clk 0:28:12]} 23... e5 {[%clk 0:47:09]} 24.
Be3 {[%clk 0:25:06]} 24... Bc4 {[%clk 0:45:35]} 25. Bf1 {[%clk 0:20:07]} 25...
Bxf1 {[%clk 0:40:41]} 26. Kxf1 {[%clk 0:19:43]} 26... O-O {[%clk 0:36:52]} 27.
Qb3 {[%clk 0:14:21]} 27... Qa6+ {[%clk 0:35:48]} 28. Kg2 {[%clk 0:14:26]} 28...
Rc8 {[%clk 0:35:06]} 29. c4 {[%clk 0:12:12]} 29... Qc6 {[%clk 0:32:23]} 30. Qd3
{[%clk 0:09:53]} 30... Nf5 {[%clk 0:29:54]} 31. Bxa7 {[%clk 0:05:56]} 31... Ra8
{[%clk 0:28:27]} 32. Qd5 {[%clk 0:05:27]} 32... Qxd5 {[%clk 0:28:53]} 33. cxd5
{[%clk 0:05:30]} 33... Nxg3 {[%clk 0:29:00]} 34. Be3 {[%clk 0:04:05]} 34... Ne2
{[%clk 0:29:11]} 35. fxe5 {[%clk 0:03:10]} 35... Bxe5 {[%clk 0:29:38]} 36. Nd3
{[%clk 0:01:36]} 36... Nc3 {[%clk 0:30:02]} 37. Rc1 {[%clk 0:00:54]} 37... Nxe4
{[%clk 0:21:50]} 38. Rc2 {[%clk 0:01:00]} 38... Bf6 {[%clk 0:21:14]} 39. Kf3 {
[%clk 0:00:34]} 39... Nc3 {[%clk 0:21:31]} 40. Bf4 {[%clk 0:00:31]} 40... Nb5 {
[%clk 0:08:56]} 41. Kf2 {[%clk 0:25:34]} 41... Ra4 {[%clk 0:37:29]} 42. Bg3 {
[%clk 0:23:47]} 42... Rd4 {[%clk 0:36:12]} 43. Rc8+ {[%clk 0:19:47]} 43... Kg7
44. Ke3 {[%clk 0:19:44]} 44... Rxd5 {[%clk 0:35:17]} 45. Nb4 {[%clk 0:17:17]}
45... Rd4 {[%clk 0:33:53]} 46. Nd3 {[%clk 0:13:06]} 46... Ra4 { [%clk 0:32:43] 
Kd4} 0-1

[Event "DVM U16 2020"]
[Site "Willingen GER"]
[Date "2021.06.25"]
[Round "4"]
[White "Troyke, Jannis"]
[Black "Müller, Magnus"]
[Result "0-1"]
[Termination "normal"]
[Board "2.2"]
[WhiteElo "1911"]
[BlackElo "2090"]
[WhiteClock "00:01:29"]
[BlackClock "00:36:26"]
[WhiteTeam "Greifswalder SV"]
[BlackTeam "ESV Gera"]
[PlyCount "78"]
[WhiteFideId "12993115"]
[BlackFideId "16230060"]
[EventCountry "GER"]
[EventRounds "7"]
[EventType "team-swiss"]
[EventDate "2021.06.23"]

1. e4 {[%clk 1:30:57]} 1... c5 {[%clk 1:30:16]} 2. Nf3 {[%clk 1:31:15]} 2... d6
{[%clk 1:30:32]} 3. d4 {[%clk 1:31:32]} 3... cxd4 {[%clk 1:30:56]} 4. Nxd4 {
[%clk 1:31:58]} 4... Nf6 {[%clk 1:31:19]} 5. Nc3 {[%clk 1:32:24]} 5... Bd7 {
[%clk 1:31:22]} 6. Bg5 {[%clk 1:29:24]} 6... e6 {[%clk 1:31:44]} 7. Qd2 { [%clk
1:29:41]} 7... h6 {[%clk 1:32:06]} 8. Bxf6 {[%clk 1:29:08]} 8... Qxf6 { [%clk
1:32:29]} 9. Ndb5 {[%clk 1:28:44]} 9... Bxb5 {[%clk 1:32:52]} 10. Bxb5+ { [%clk
1:27:09]} 10... Nc6 {[%clk 1:33:16]} 11. O-O {[%clk 1:25:01]} 11... a6 { [%clk
1:33:41]} 12. Be2 {[%clk 1:13:56]} 12... Qd8 {[%clk 1:32:02]} 13. Nd1 { [%clk
1:04:33]} 13... Be7 {[%clk 1:31:24]} 14. Ne3 {[%clk 1:04:32]} 14... O-O { [%clk
1:30:10]} 15. Rfd1 {[%clk 0:57:42]} 15... b5 {[%clk 1:26:09]} 16. a4 { [%clk
0:54:22]} 16... Qb6 {[%clk 1:24:51]} 17. axb5 {[%clk 0:44:15]} 17... axb5
{[%clk 1:25:14]} 18. Qd3 {[%clk 0:44:36]} 18... Rxa1 {[%clk 1:18:39]} 19. Rxa1
{[%clk 0:45:05]} 19... Rb8 {[%clk 1:18:54]} 20. c3 {[%clk 0:37:29]} 20... b4 {
[%clk 0:57:47]} 21. Nc4 21... Qc5 {[%clk 0:57:45]} 22. Rd1 {[%clk 0:19:14]}
22... bxc3 {[%clk 0:56:30]} 23. Qxc3 {[%clk 0:17:51]} 23... Bf6 {[%clk 0:56:09]
} 24. Qa3 {[%clk 0:17:46]} 24... Bxb2 {[%clk 0:51:56]} 25. Qd3 {[%clk 0:08:27]}
25... Bd4 {[%clk 0:50:18]} 26. Qg3 {[%clk 0:08:49]} 26... Rb4 {[%clk 0:49:16]}
27. Nd2 {[%clk 0:01:38]} 27... Rb2 {[%clk 0:48:13]} 28. Nb3 {[%clk 0:01:07]}
28... Bxf2+ {[%clk 0:45:36]} 29. Qxf2 {[%clk 0:01:35]} 29... Rxb3 { [%clk
0:45:57]} 30. Qxc5 {[%clk 0:01:57]} 30... dxc5 {[%clk 0:46:23]} 31. Rc1 { [%clk
0:02:19]} 31... Nd4 {[%clk 0:43:58]} 32. Bf1 {[%clk 0:02:32]} 32... g5 { [%clk
0:39:21]} 33. Rxc5 {[%clk 0:01:38]} 33... Re3 {[%clk 0:39:31]} 34. e5 { [%clk
0:01:35]} 34... Nf5 {[%clk 0:39:20]} 35. Kf2 {[%clk 0:01:38]} 35... g4 { [%clk
0:39:21]} 36. Be2 {[%clk 0:01:26]} 36... h5 {[%clk 0:39:18]} 37. g3 { [%clk
0:00:43]} 37... Kg7 {[%clk 0:36:49]} 38. Bd1 {[%clk 0:01:08]} 38... Kg6 { [%clk
0:36:24]} 39. Bc2 {[%clk 0:01:29]} 39... Rf3+ {[%clk 0:36:26]} 0-1

[Event "DVM U16 2020"]
[Site "Willingen GER"]
[Date "2021.06.25"]
[Round "4"]
[White "Schubert, Nikita"]
[Black "Kallweit, Paul"]
[Result "1/2-1/2"]
[Termination "normal"]
[Board "2.3"]
[WhiteElo "1917"]
[BlackElo "1832"]
[WhiteClock "00:01:47"]
[BlackClock "00:00:49"]
[WhiteTeam "ESV Gera"]
[BlackTeam "Greifswalder SV"]
[PlyCount "79"]
[WhiteFideId "16212339"]
[BlackFideId "16228081"]
[EventCountry "GER"]
[EventRounds "7"]
[EventType "team-swiss"]
[EventDate "2021.06.23"]

1. d4 {[%clk 1:30:57]} 1... d5 {[%clk 1:30:37]} 2. c4 {[%clk 1:31:16]} 2... c6
{[%clk 1:28:46]} 3. Nf3 {[%clk 1:31:33]} 3... Nf6 {[%clk 1:29:03]} 4. Qc2 {
[%clk 1:31:55]} 4... e6 {[%clk 1:22:36]} 5. g3 {[%clk 1:32:14]} 5... Bd6 {
[%clk 1:22:18]} 6. Bg2 {[%clk 1:32:32]} 6... O-O {[%clk 1:21:55]} 7. O-O {
[%clk 1:32:52]} 7... Ne4 {[%clk 1:14:12]} 8. b3 {[%clk 1:24:42]} 8... f5 {
[%clk 0:59:18]} 9. Ba3 {[%clk 1:22:32]} 9... Bxa3 {[%clk 0:53:48]} 10. Nxa3 {
[%clk 1:22:59]} 10... Qe7 {[%clk 0:53:12]} 11. Qb2 {[%clk 1:20:55]} 11... Bd7 {
[%clk 0:44:57]} 12. Ne5 {[%clk 1:14:49]} 12... Be8 {[%clk 0:44:41]} 13. f3 {
[%clk 1:07:54]} 13... Nf6 {[%clk 0:43:40]} 14. Rae1 {[%clk 1:04:49]} 14... Nbd7
{[%clk 0:43:15]} 15. e4 {[%clk 0:58:13]} 15... fxe4 {[%clk 0:42:00]} 16. Nxd7 {
[%clk 0:57:58]} 16... Bxd7 {[%clk 0:33:23]} 17. fxe4 {[%clk 0:57:28]} 17...
Nxe4 {[%clk 0:33:06]} 18. Rxf8+ {[%clk 0:54:48]} 18... Rxf8 {[%clk 0:33:20]}
19. Bxe4 {[%clk 0:54:38]} 19... dxe4 {[%clk 0:33:47]} 20. Rxe4 {[%clk 0:54:21]}
20... e5 {[%clk 0:29:43]} 21. Nc2 {[%clk 0:41:31]} 21... Bh3 {[%clk 0:28:54]}
22. Ne3 {[%clk 0:40:22]} 22... Qf6 {[%clk 0:28:32]} 23. Qe2 {[%clk 0:38:10]}
23... exd4 {[%clk 0:27:11]} 24. Rf4 {[%clk 0:30:25]} 24... Qe5 {[%clk 0:25:17]}
25. Rxf8+ {[%clk 0:26:56]} 25... Kxf8 {[%clk 0:25:39]} 26. Qf3+ {[%clk 0:26:42]
} 26... Kg8 {[%clk 0:21:28]} 27. Ng2 {[%clk 0:19:13]} 27... Qf5 {[%clk 0:18:49]
} 28. Qe2 {[%clk 0:18:08]} 28... Kf7 {[%clk 0:11:24]} 29. Nf4 {[%clk 0:18:13]}
29... Bg4 {[%clk 0:10:55]} 30. Qd2 {[%clk 0:13:50]} 30... g5 {[%clk 0:04:41]}
31. Nd3 {[%clk 0:11:29]} 31... Bf3 {[%clk 0:04:38]} 32. h3 {[%clk 0:09:06]}
32... b6 {[%clk 0:02:55]} 33. g4 {[%clk 0:07:31]} 33... Qf6 {[%clk 0:03:08]}
34. Qe1 {[%clk 0:05:53]} 34... h5 {[%clk 0:01:45]} 35. Qg3 {[%clk 0:04:03]}
35... Kg7 {[%clk 0:00:49]} 36. Qc7+ {[%clk 0:04:00]} 36... Kg8 {[%clk 0:00:38]}
37. Ne5 {[%clk 0:02:54]} 37... d3 {[%clk 0:00:36]} 38. Qc8+ {[%clk 0:02:30]}
38... Kg7 {[%clk 0:00:46]} 39. Qc7+ {[%clk 0:01:31]} 39... Kg8 {[%clk 0:00:49]}
40. Qc8+ {[%clk 0:01:47]} 1/2-1/2